Normal view
MARC view
- MATERIALS ANALYSIS ION BOMBARDMENT MATERIALS-EFFECT OF RADIATION ON
Entry Topical Term
001 - CONTROL NUMBER
- control field: 80155
003 - CONTROL NUMBER IDENTIFIER
- control field: NUST
005 - DATE AND TIME OF LATEST TRANSACTION
- control field: 20210628210617.0
008 - FIXED-LENGTH DATA ELEMENTS
- fixed length control field: 210628|| aca||aabn | a|a d
040 ## - CATALOGING SOURCE
- Original cataloging agency: NUST
- Transcribing agency: NUST
150 ## - HEADING--TOPICAL TERM
- Topical term or geographic name entry element: MATERIALS ANALYSIS ION BOMBARDMENT MATERIALS-EFFECT OF RADIATION ON
670 ## - SOURCE DATA FOUND
- Source citation: Work cat.: (NUST): Breese, Mark B.H King, Philip J.C Jamieson, David.N 80154, Materials analysis using a nuclear microprobe, 1996
